| 000 -LEADER |
| fixed length control field |
00934nam a22001577a 4500 |
| 003 - CONTROL NUMBER IDENTIFIER |
| control field |
OSt |
| 005 - DATE AND TIME OF LATEST TRANSACTION |
| control field |
20151217154705.0 |
| 008 - FIXED-LENGTH DATA ELEMENTS--GENERAL INFORMATION |
| fixed length control field |
151217b xxu||||| |||| 00| 0 eng d |
| 040 ## - CATALOGING SOURCE |
| Transcribing agency |
RUA |
| 082 ## - DEWEY DECIMAL CLASSIFICATION NUMBER |
| Classification number |
AED VA 2006 B221 Or.1 |
| 100 ## - MAIN ENTRY--PERSONAL NAME |
| 9 (RLIN) |
5056 |
| Personal name |
VA VICHETTRA; វ៉ា វិចិត្រា |
| 245 ## - TITLE STATEMENT |
| Title |
Understanding the firewood production chain in a dip terocarpaceae degraded forest area case study in trapeang russei commune, kampong svay district, kompong thom province, ការស្វែងយល់អំពីចង្វាក់ផលិតកម្មអុស នៅក្នុងព្រៃរិចរិល ប្រភេទ Dipterocaeae ករណីសិក្សាក្នុងឃុំត្រពាំងឬស្សី ស្រុកកំពង់ស្វាយ ខេត្តកំពង់ធំ. |
| 260 ## - PUBLICATION, DISTRIBUTION, ETC. (IMPRINT) |
| Place of publication, distribution, etc. |
Phnom Penh |
| Name of publisher, distributor, etc. |
RUA |
| Date of publication, distribution, etc. |
2006 |
| 300 ## - PHYSICAL DESCRIPTION |
| Extent |
xii; 59p. |
| Other physical details |
ill. |
| Dimensions |
29cm. |
| 942 ## - ADDED ENTRY ELEMENTS (KOHA) |
| Source of classification or shelving scheme |
|
| Koha item type |
AED |